Library of congress subject headings (Record no. 7344)
[ view plain ]
| 000 -LEADER | |
|---|---|
| fixed length control field | 00616nam a22001937a 4500 |
| 008 - FIXED-LENGTH DATA ELEMENTS--GENERAL INFORMATION | |
| fixed length control field | 230310b |||||||| |||| 00| 0 eng d |
| 022 ## - INTERNATIONAL STANDARD SERIAL NUMBER | |
| International Standard Serial Number | 1048-9711 |
| 040 ## - CATALOGING SOURCE | |
| Original cataloging agency | National Science Library |
| Transcribing agency | National Science Library |
| 080 ## - UNIVERSAL DECIMAL CLASSIFICATION NUMBER | |
| Universal Decimal Classification number | D 025.43LCSH |
| Item number | N8.1 |
| 245 ## - TITLE STATEMENT | |
| Title | Library of congress subject headings |
| Statement of responsibility, etc. | / Prepared by the cataloging policy and support office, library services |
| 250 ## - EDITION STATEMENT | |
| Edition statement | 21st ed. |
| 260 ## - PUBLICATION, DISTRIBUTION, ETC. | |
| Place of publication, distribution, etc. | Washington: |
| Name of publisher, distributor, etc. | Library of Congress, |
| Date of publication, distribution, etc. | 1998 |
| 300 ## - PHYSICAL DESCRIPTION | |
| Extent | 1453p. |
| 500 ## - GENERAL NOTE | |
| General note | Vol. 1 (A-C)<br/> |
| 650 ## - SUBJECT ADDED ENTRY--TOPICAL TERM | |
| Topical term or geographic name entry element | Library science |
| 653 ## - INDEX TERM--UNCONTROLLED | |
| Uncontrolled term | Cataloging |
| 653 ## - INDEX TERM--UNCONTROLLED | |
| Uncontrolled term | Subject heading |
| 942 ## - ADDED ENTRY ELEMENTS (KOHA) | |
| Source of classification or shelving scheme | Universal Decimal Classification |
| Koha item type | Reference |
| Withdrawn status | Lost status | Source of classification or shelving scheme | Damaged status | Not for loan | Home library | Current library | Shelving location | Date acquired | Serial Enumeration / chronology | Total Checkouts | Full call number | Barcode | Date last seen | Price effective from | Koha item type |
|---|---|---|---|---|---|---|---|---|---|---|---|---|---|---|---|
| Universal Decimal Classification | National Science Library | National Science Library | GF/Rk-2/C-14/R-6 | 12/05/1999 | Vol.1, 1988 | D 025.43LCSH N8.1 | 178506 | 10/03/2023 | 10/03/2023 | Reference | |||||
| Universal Decimal Classification | National Science Library | National Science Library | GF/Rk-2/C-15/R-1 | 12/05/1999 | Vol. 2 (D-H); ISSN: 1048-9711; 1455-2684p. | D 025.43LCSH N8.2 | 178507 | 13/03/2023 | 13/03/2023 | Reference | |||||
| Universal Decimal Classification | National Science Library | National Science Library | GF/Rk-2/C-15/R-1 | 12/05/1999 | Vol. 3 (I-M); ISSN: 1048-9711; 2685-3846p. | D 025.43LCSH N8.3 | 178508 | 13/03/2023 | 13/03/2023 | Reference | |||||
| Universal Decimal Classification | National Science Library | National Science Library | GF/Rk-2/C-15/R-1 | 12/05/1999 | Vol. 4 (N-R); ISSN: 1048-9711; 3847-4988p. | D 025.43LCSH N8.4 | 178509 | 13/03/2023 | 13/03/2023 | Reference | |||||
| Universal Decimal Classification | National Science Library | National Science Library | GF/Rk-2/C-15/R-1 | 12/05/1999 | Vol. 5 (S-R); ISSN: 1048-9711; 4989-6374p. | D 025.43LCSH N8.5 | 178510 | 13/03/2023 | 13/03/2023 | Reference |